000 00247 a2200109 4500
001 3110
082 _a621.3192 BOG
090 _c2392
_d2392
100 _aBogart, JF
245 _aElectronis Circuits, 2/e
260 _asingapore
_bGlencel
_c1992
942 _aNUST-CAE
_k621.3192 BOG
999 _c238183
_d238183